| 000 | 01441cam a22003374a 4500 | ||
|---|---|---|---|
| 999 |
_c522560 _d522560 |
||
| 001 | 11872698 | ||
| 003 | NUST | ||
| 005 | 20181105050052.0 | ||
| 008 | 991220s2000 mau b 001 0 eng | ||
| 010 | _a 99087851 | ||
| 020 | _a0745621996 | ||
| 020 | _a0745622003 (pbk.) | ||
| 038 | _aArshad | ||
| 040 |
_aNUST _cDLC _dDLC |
||
| 042 | _apcc | ||
| 050 | 0 | 0 |
_aJZ1318 _b.G56 2000 |
| 082 | 0 | 0 |
_a303.482 _bGLO |
| 245 | 0 | 4 |
_aThe global transformations reader : _ban introduction to the globalization debate / _cedited by David Held and Anthony McGrew. |
| 260 |
_aMalden, Mass. : _bPolity Press, _c2000. |
||
| 300 |
_axvi, 480 p. ; _c26 cm. |
||
| 504 | _aIncludes bibliographical references and index. | ||
| 650 | 0 |
_aInternational relations. _9521 |
|
| 700 | 1 |
_aHeld, David. _912560 |
|
| 700 | 1 |
_aMcGrew, Anthony G. _912561 |
|
| 856 | 4 | 2 |
_3Contributor biographical information _uhttp://www.loc.gov/catdir/enhancements/fy0805/99087851-b.html |
| 856 | 4 | 2 |
_3Publisher description _uhttp://www.loc.gov/catdir/enhancements/fy0805/99087851-d.html |
| 856 | 4 | 1 |
_3Table of contents only _uhttp://www.loc.gov/catdir/enhancements/fy0805/99087851-t.html |
| 906 |
_a7 _bcbc _corignew _d1 _eocip _f19 _gy-gencatlg |
||
| 942 |
_2ddc _cBK |
||